Dutch cities with more than 1 railway station - Statistics

General Stats
  • This quiz has been taken 689 times
  • The average score is 34 of 66
Answer Stats
HINT Answer % Correct
11 Amsterdam
100%
7 Rotterdam
99%
7 Utrecht
96%
6 Den Haag
95%
3 Groningen
92%
3 Eindhoven
90%
3 Maastricht
90%
2 Breda
83%
4 Arnhem
82%
3 Tilburg
82%
6 Almere
81%
2 Haarlem
81%
4 Nijmegen
81%
2 's Hertogenbosch
80%
3 Leeuwarden
79%
3 Leiden
79%
3 Amersfoort
76%
2 Alkmaar
74%
3 Enschede
74%
3 Apeldoorn
72%
2 Delft
69%
3 Dordrecht
64%
2 Almelo
63%
2 Gouda
62%
2 Den Helder
61%
3 Hengelo
59%
2 Deventer
58%
3 Hilversum
58%
2 Emmen
56%
2 Ede
52%
3 Heerlen
52%
2 Oss
52%
2 Vlissingen
52%
2 Zoetermeer
52%
2 Heerenveen
50%
2 Hoorn
49%
2 Zaandam
49%
2 Doetinchem
43%
4 Helmond
43%
2 Schiedam
41%
2 Sneek
41%
2 Tiel
38%
2 Kampen
37%
3 Purmerend
36%
3 Veenendaal
35%
2 Kerkrade
34%
2 Harlingen
31%
2 Winterswijk
31%
2 Delfzijl
30%
3 Vlaardingen
30%
3 Barneveld
29%
2 Geleen
29%
3 Soest
29%
2 Diemen
28%
2 Houten
28%
2 Hoek van holland
25%
2 Bussum
24%
2 Waddinxveen
20%
2 Maassluis
18%
2 Sliedrecht
18%
2 Bovenkarspel
17%
2 Hardinxveld
17%
4 Hoogezand-Sappemeer
17%
2 Santpoort
16%
2 Eygelshoven
12%
2 Koog
8%
No matching quizzes found
Score Distribution
Percent of People with Each Score
Percentile by Number Answered
Your Score History
You have not taken this quiz